| 000 | 00683nam a2200181 i 4500 | ||
|---|---|---|---|
| 001 | 56454 | ||
| 003 | ES-MaACL | ||
| 005 | 20230906163355.0 | ||
| 007 | t| | ||
| 008 | 031009s1961 sp ||||1| spa d | ||
| 100 | 1 |
_aFenizio, Ferdinando di. _949252 |
|
| 245 | 1 | 0 |
_a¿Crisis de la econometría o crisis de la economía política? / _cdiscurso de Fernando di Fenizio. |
| 260 |
_aBarcelona : _b[s.n., _c1961] ( _fImp. Clarasó) |
||
| 300 |
_a32 p. ; _c25 cm. |
||
| 500 | _aPublicaciones de la Real Academia de Ciencias Económicas y Financieras de Barcelona. | ||
| 710 | 2 |
_aReal Academia de Ciencias Económicas y Financieras (Barcelona) _96298 |
|
| 852 |
_aES-MaACL _jC-20374 _bR.48267 |
||
| 999 |
_c56454 _d56454 |
||